Historia del pensamiento filosófico argentino /
Guardado en:
| Autor Principal: | |
|---|---|
| Formato: | Libro |
| Publicado: |
Mendoza :
Universidad Naciónal de Cuyo / Instituto de Filosof¡a,
1980
|
| Series: | Expositiva, 3
|
| Materias: | |
| Etiquetas: |
Agregar Etiqueta
Sin Etiquetas, Sea el primero en etiquetar este registro!
|
| LEADER | 00644nam a22002055a 4500 | ||
|---|---|---|---|
| 001 | CEM.cems007111 | ||
| 005 | 20060214000000.0 | ||
| 008 | 130507s1980##################000#0#####d | ||
| 003 | CEMS | ||
| 082 | 0 | 4 | |a 199.82 |
| 100 | 1 | |a Pro, Diego F. | |
| 245 | 1 | 0 | |a Historia del pensamiento filosófico argentino / |
| 260 | |a Mendoza : |b Universidad Naciónal de Cuyo / Instituto de Filosof¡a, |c 1980 | ||
| 300 | |a 382 p. | ||
| 490 | 0 | |a Expositiva, 3 | |
| 653 | |a Filosofia | ||
| 653 | |a Filosofia argentina | ||
| 653 | |a Historia de la cultura argenti | ||
| 653 | |a Pensamiento filosofico argenti | ||
| 859 | |a CEMS |b BIB. CEMS - 11 de abril |h 199.82 |i P94 |p 13315.85 |t Ej.1 | ||
